Popes Quiz Stats

 Plays Quiz Updated Nov 16, 2020

     
Support Sporcle.
Go Orange.
Score 0/266 Timer 15:00
18 Plays Today
Reigned Pope % Correct
30-67Peter
86.1%
1978John Paul I
85.8%
1978-2005John Paul II
84.4%
575-579Benedict I
84.2%
523-526John I
84.2%
2013-presentFrancis
83.5%
533-535John II
83.2%
684-685Benedict II
82.8%
561-574John III
82.6%
685-686John V
82%
640-642John IV
82%
855-858Benedict III
81.8%
701-705John VI
81.7%
964Benedict V
81.4%
914-928John X
81.4%
705-707John VII
81.3%
900-903Benedict IV
81.2%
973-974Benedict VI
80.9%
974-983Benedict VII
80.5%
931-935John XI
80.5%
872-882John VIII
80.4%
955-964John XII
79.9%
898-900John IX
79.8%
1012-1024Benedict VIII
79.6%
1032-1044Benedict IX
79.4%
1045-1046Benedict IX
79.4%
1047-1048Benedict IX
79.4%
757-767Paul I
79.2%
965-972John XIII
79.2%
985-996John XV
79%
983-984John XIV
78.3%
1914-1922Benedict XV
77.6%
1464-1471Paul II
77.6%
1303-1304Benedict XI
77.5%
2005-2013Benedict XVI
77.1%
1534-1549Paul III
76.8%
1605-1621Paul V
76.7%
1334-1342Benedict XII
76.5%
1963-1978Paul VI
76.3%
1555-1559Paul IV
76.3%
1724-1730Benedict XIII
75.2%
1740-1758Benedict XIV
74.6%
140/2-155Pius I
72.7%
1458-1464Pius II
69.9%
1503Pius III
69.3%
1566-1572Pius V
69.1%
1559-1565Pius IV
68.7%
1775-1799Pius VI
68.6%
1903-1914Pius X
68.4%
1800-1823Pius VII
68.2%
1829-1830Pius VIII
67.5%
1922-1939Pius XI
67.5%
1846-1878Pius IX
67.3%
1939-1958Pius XII
66.9%
1003John XVII
66.7%
1003-1009John XVIII
66%
1024-1032John XIX
64.6%
1276-1277John XXI
64.1%
1316-1334John XXII
63.5%
1958-1963John XXIII
62.4%
440-461Leo I
62%
401-417Innocent I
61.2%
681-683Leo II
60.9%
795-816Leo III
60.5%
590-604Gregory I
60.3%
903Leo V
60.1%
847-855Leo IV
60.1%
928Leo VI
59.8%
222/3-230Urban I
59.8%
936-939Leo VII
59.6%
1513-1521Leo X
59.5%
715-731Gregory II
59.4%
1130-1143Innocent II
59.4%
964-965Leo VIII
59.2%
1049-1054Leo IX
59%
731-741Gregory III
58.9%
1605Leo XI
58.9%
1198-1216Innocent III
58.7%
827-844Gregory IV
58.5%
1823-1829Leo XII
58.5%
996-999Gregory V
58.5%
1243-1254Innocent IV
58.3%
1276Innocent V
58.3%
1045-1046Gregory VI
58.1%
1352-1362Innocent VI
58%
1878-1903Leo XIII
57.9%
1073-1085Gregory VII
57.8%
1088-1099Urban II
57.6%
1271-1276Gregory X
57.6%
Reigned Pope % Correct
1404-1406Innocent VII
57.6%
88/92-97/101Clement I
57.4%
1187Gregory VIII
57.2%
1370-1378Gregory XI
57.1%
1227-1241Gregory IX
57.1%
1644-1655Innocent X
56.9%
1185-1187Urban III
56.9%
1484-1492Innocent VIII
56.8%
1406-1415Gregory XII
56.8%
1261-1264Urban IV
56.6%
1362-1370Urban V
56.6%
1676-1689Innocent XI
56.5%
1591Innocent IX
56.5%
1378-1389Urban VI
56.4%
1691-1700Innocent XII
56.2%
1572-1585Gregory XIII
56%
1590Urban VII
55.9%
1621-1623Gregory XV
55.7%
105/7-115/6Alexander I
55.7%
1590-1591Gregory XIV
55.4%
1721-1724Innocent XIII
55.4%
1623-1644Urban VIII
55.3%
1831-1846Gregory XVI
55.2%
1046-1047Clement II
54.5%
1187-1191Clement III
53.9%
1305-1314Clement V
53.7%
1265-1268Clement IV
53.6%
1342-1352Clement VI
53.5%
1061-1073Alexander II
53.1%
1523-1534Clement VII
53.1%
1159-1181Alexander III
52.6%
1670-1676Clement X
52.6%
1592-1605Clement VIII
52.6%
1254-1261Alexander IV
52.4%
1700-1721Clement XI
52.3%
1667-1669Clement IX
52.2%
1730-1740Clement XII
52%
1758-1769Clement XIII
51.4%
336Mark
51.3%
1769-1774Clement XIV
51.1%
254-257Stephen I
47.3%
1492-1503Alexander VI
46.4%
115/6-125Sixtus I
46.4%
752-757Stephen II
45.8%
767-772Stephen III
45.4%
337-352Julius I
45.4%
257-258Sixtus II
45.3%
1655-1667Alexander VII
45.2%
816-817Stephen IV
45.1%
418-422Boniface I
45.1%
885-891Stephen V
45%
896-897Stephen VI
44.8%
432-440Sixtus III
44.6%
1689-1691Alexander VIII
44.5%
928-931Stephen VII
44.5%
530-532Boniface II
44.4%
64/7-76/9Linus
44.3%
607Boniface III
44%
939-942Stephen VIII
43.9%
619-625Boniface V
43.9%
608-615Boniface IV
43.8%
1057-1059Stephen IX
43.7%
1503-1513Julius II
43.6%
896Boniface VI
43.4%
1471-1484Sixtus IV
43.2%
1585-1588Sixtus V
42.8%
1550-1555Julius III
42.6%
772-795Adrian I
39.9%
1294-1303Boniface VIII
39.8%
867-872Adrian II
39.3%
884-885Adrian III
39%
1389-1404Boniface IX
38.9%
1154-1159Adrian IV
38.7%
1276Adrian V
38.5%
1522-1523Adrian VI
37.9%
649-655Martin I
37.6%
858-867Nicholas I
37.6%
1058-1061Nicholas II
36.9%
1277-1280Nicholas III
36.6%
1288-1292Nicholas IV
36.3%
189-198/9Victor I
36.3%
1447-1455Nicholas V
36.1%
708-715Constantine
35.5%
422-432Celestine I
34.4%
76/9-88Anacletus
34.2%
1055-1057Victor II
34.2%
1086-1087Victor III
33.7%
269-274Felix I
33.5%
314-335Sylvester I
33.3%
Reigned Pope % Correct
1143-1144Celestine II
33%
1281-1285Martin IV
32.9%
1417-1431Martin V
32.6%
625-638Honorius I
32.6%
1191-1198Celestine III
32.5%
308-309Marcellus I
32.5%
1241Celestine IV
32.5%
253-254Lucius I
32.4%
1294Celestine V
32.2%
c. 217-222/3Callixtus I
31.9%
999-1003Sylvester II
31.8%
483-492Felix III
31.7%
1124-1130Honorius II
31.6%
1216-1227Honorius III
31.2%
526-530Felix IV
31.2%
654-657Eugene I
31.2%
1045Sylvester III
31.2%
1285-1287Honorius IV
30.9%
824-827Eugene II
30.6%
1144-1145Lucius II
30.6%
1555Marcellus II
30.6%
1181-1185Lucius III
30.1%
1119-1124Callixtus II
30%
1145-1153Eugene III
30%
1431-1447Eugene IV
29.6%
1455-1458Callixtus III
29.3%
741-752Zachary
29%
642-649Theodore I
28.8%
399-401Anastasius I
28.1%
897Theodore II
28%
496-498Anastasius II
27.6%
461-468Hilarius
26.7%
827Valentine
26.7%
911-913Anastasius III
26.6%
366-384Damasus I
26.3%
1153-1154Anastasius IV
26%
913-914Lando
26%
236-250Fabian
25.7%
687-701Sergius I
25.5%
296-304Marcellinus
25.2%
844-847Sergius II
25%
1048Damasus II
24.8%
251-253Cornelius
24.8%
904-911Sergius III
24.7%
97/9-105/7Evaristus
24.6%
492-496Gelasius I
24.5%
1009-1012Sergius IV
24.3%
c. 166-174/5Soter
23.9%
817-824Paschal I
23.7%
136/8-140/2Hyginus
23.6%
259-268Dionysius
23.5%
125-136/8Telesphorus
23.4%
897Romanus
23.4%
891-896Formosus
23.3%
1118-1119Gelasius II
23.3%
882-884Marinus I
23.2%
1099-1118Paschal II
23%
942-946Marinus II
22.8%
283-293Caius
22.6%
155-166Anicetus
22.5%
535-536Agapetus I
22.5%
199-217Zephyrinus
22.5%
417-418Zosimus
22.4%
556-561Pelagius I
22.1%
579-590Pelagius II
21.9%
230-235Pontian
21.6%
686-687Conon
21.6%
946-955Agapetus II
21.6%
c. 309-c. 310Eusebius
21.3%
615-618Adeodatus I
21.2%
676-678Donus
21%
672-676Adeodatus II
20.7%
352-366Liberius
20.4%
678-681Agatho
20.3%
174/5-189Eleuterus
20.3%
235-236Anterus
20.3%
275-283Felix II
19.5%
638-640Severinus
19.5%
536-537Silverius
19.4%
468-483Simplicius
19.2%
311-314Miltiades
19.1%
498-514Symmachus
18.4%
514-523Hormisdas
18.3%
708Sisinnius
18.3%
537-555Vigilius
18.1%
604-606Sabinian
17.8%
657-672Vitalian
17.8%
384-399Siricius
17.6%

From the Vault

Colorful Flags

by sproutcm

Two or three colors just aren't going to cut it for these countries.
Remove Ads.
Support Sporcle.
Get the best of Sporcle when you Go Orange. This ad-free experience offers more features, more stats, and more fun while also helping to support Sporcle. Thank you for becoming a member.

Show Comments

Extras

Top Quizzes Today


Score Distribution

Your Account Isn't Verified!

In order to create a playlist on Sporcle, you need to verify the email address you used during registration. Go to your Sporcle Settings to finish the process.

Report this User

Report this user for behavior that violates our Community Guidelines.

Details: